Central Library || Chittagong University

Animal Physiology and biochemistry / (Record no. 109359)

MARC details
000 -LEADER
fixed length control field 00546nam a22001937a 4500
003 - CONTROL NUMBER IDENTIFIER
control field BD-ChCU
005 - DATE AND TIME OF LATEST TRANSACTION
control field 20251111141202.0
008 - FIXED-LENGTH DATA ELEMENTS--GENERAL INFORMATION
fixed length control field 251111b ii ||||| |||| 00| 0 eng d
020 ## - INTERNATIONAL STANDARD BOOK NUMBER
International Standard Book Number 9788121904476
040 ## - CATALOGING SOURCE
Transcribing agency BD-ChCU
082 ## - DEWEY DECIMAL CLASSIFICATION NUMBER
Classification number 571.1 A261a
100 ## - MAIN ENTRY--PERSONAL NAME
Personal name Agarwal, R.A.
9 (RLIN) 15992
245 ## - TITLE STATEMENT
Title Animal Physiology and biochemistry /
Statement of responsibility, etc. R.A. Agarwal and Anil R. Srivastava
250 ## - EDITION STATEMENT
Edition statement 5r.ed
260 ## - PUBLICATION, DISTRIBUTION, ETC.
Place of publication, distribution, etc. New Delhi:
Name of publisher, distributor, etc. S. Chand Pub.,
Date of publication, distribution, etc. c1978
300 ## - PHYSICAL DESCRIPTION
Extent 377p.
650 #0 - SUBJECT ADDED ENTRY--TOPICAL TERM
Topical term or geographic name entry element Physiology, Animal- Biochemistry
9 (RLIN) 15999
942 ## - ADDED ENTRY ELEMENTS (KOHA)
Source of classification or shelving scheme Dewey Decimal Classification
Koha item type Books
Suppress in OPAC No
Holdings
Withdrawn status Lost status Source of classification or shelving scheme Damaged status Not for loan Home library Current library Shelving location Date acquired Source of acquisition Total Checkouts Full call number Barcode Date last seen Copy number Price effective from Koha item type
    Dewey Decimal Classification     Chittagong University Library Chittagong University Library Science Reading Room 11/11/2025 Purchase   571.1 A261a 342965 11/11/2025 C-1 11/11/2025 Books
    Dewey Decimal Classification     Chittagong University Library Chittagong University Library Science Reading Room 11/11/2025 Purchase   571.1 A261a 342966 11/11/2025 C-2 11/11/2025 Books
    Dewey Decimal Classification     Chittagong University Library Chittagong University Library Science Reading Room 11/11/2025 Purchase   571.1 A261a 342967 11/11/2025 C-3 11/11/2025 Books
© Copyright 2026. Chittagong University Library, Installation and Maintenance by Prof. Dr. Md. Alamgir, 01711306253